| 000 | 00807cam a22002535a 4500 | ||
|---|---|---|---|
| 001 | 016583266 | ||
| 003 | OSt | ||
| 005 | 20161025123023.0 | ||
| 008 | 160126t2014 enka fr 001 0 eng d | ||
| 020 | _a9781292042541 (paperback) | ||
| 020 | _a1292042540 (paperback) | ||
| 040 |
_aStDuBDS _beng _cStDuBDS _dEG-ScBUE |
||
| 082 | 0 | 4 |
_a620.00151 _bGRE _222 |
| 100 | 1 |
_aGreenberg, Michael D., _d1935- _940264 |
|
| 245 | 1 | 0 |
_aAdvanced engineering mathematics / _cMichael Greenberg. |
| 250 | _a2nd ed., Pearson new international ed. | ||
| 260 |
_aHarlow : _bPearson Education Limited, _cc.2014. |
||
| 300 |
_axix, 1324 p. : _bill. ; _c26 cm. |
||
| 500 | _aIndex : p. 1315-1324. | ||
| 650 | 7 |
_aEngineering mathematics. _2BUEsh _93194 |
|
| 651 | _2BUEsh | ||
| 653 |
_bENGGEN _cJune2016 _cOctober2016 |
||
| 942 | _2ddc | ||
| 999 |
_c21926 _d21898 |
||